| Tag |
First Indicator |
Second Indicator |
Subfields |
| LEADER |
00000cam a22000004a 4500 |
| 001 |
in00002339865 |
| 005 |
20151108051018.0 |
| 008 |
051019s2006 enka bf 001 0 eng |
| 010 |
|
|
|a 2005030668
|
| 020 |
|
|
|a 0415379423 (hbk)
|
| 020 |
|
|
|a 9780415379427 (hbk)
|
| 020 |
|
|
|a 0415379504 (pbk.)
|
| 020 |
|
|
|a 9780415379502 (pbk.)
|
| 029 |
1 |
|
|a YDXCP
|b 100423575
|
| 029 |
1 |
|
|a YDXCP
|b 2408258
|
| 029 |
1 |
|
|a NZ1
|b 10541328
|
| 035 |
|
|
|a (OCoLC)ocm62172725
|
| 035 |
|
|
|a (OCoLC)62172725
|
| 040 |
|
|
|a DLC
|c DLC
|d BAKER
|d BWKUK
|d GZM
|d OCLCQ
|d YDXCP
|d OCLCQ
|d BTCTA
|d UBY
|d GZT
|d UtOrBLW
|
| 042 |
|
|
|a pcc
|
| 049 |
|
|
|a TXAM
|
| 050 |
0 |
0 |
|a GV1779
|b .M37 2006
|
| 082 |
0 |
0 |
|a 791.43/657
|2 22
|
| 100 |
1 |
|
|a McPherson, Katrina.
|
| 245 |
1 |
0 |
|a Making video dance :
|b a step-by-step guide to creating dance for the screen /
|c Katrina McPherson.
|
| 264 |
|
1 |
|a London ;
|a New York :
|b Routledge,
|c 2006.
|
| 300 |
|
|
|a xxxi, 261 pages :
|b illustrations ;
|c 26 cm.
|
| 336 |
|
|
|a text
|b txt
|2 rdacontent
|
| 337 |
|
|
|a unmediated
|b n
|2 rdamedia
|
| 338 |
|
|
|a volume
|b nc
|2 rdacarrier
|
| 504 |
|
|
|a Includes bibliographical references (page [256]) and index.
|
| 505 |
2 |
|
|a First steps -- Dance and the camera -- Developing the work -- Creating your on-screen world -- Making strides -- When the shoot comes -- Light and sound on the shoot --Preparation for the edit -- Choreography of the edit -- Final stages -- Out on the road -- Diary: the making of the truth.
|
| 650 |
|
0 |
|a Dance in motion pictures, television, etc.
|x Production and direction
|v Handbooks, manuals, etc.
|
| 650 |
|
0 |
|a Video recordings
|x Production and direction
|v Handbooks, manuals, etc.
|
| 856 |
4 |
1 |
|3 Table of contents
|u http://www.loc.gov/catdir/toc/ecip062/2005030668.html
|t 0
|
| 938 |
|
|
|a Baker & Taylor
|b BKTY
|c 110.00
|d 110.00
|i 0415379423
|n 0006629668
|s active
|
| 938 |
|
|
|a Baker and Taylor
|b BTCP
|n 2005030668
|
| 938 |
|
|
|a Baker & Taylor
|b BKTY
|c 31.95
|d 31.95
|i 0415379504
|n 0006629669
|s active
|
| 938 |
|
|
|a YBP Library Services
|b YANK
|n 2408258
|
| 945 |
|
|
|a PromptCat
|b 259066
|
| 946 |
|
|
|a stk
|
| 947 |
|
|
|a A14836485366
|
| 948 |
|
|
|a cataloged
|b h
|c 2007/11/9
|d c
|e dmartine
|f 2:53:37 pm
|
| 994 |
|
|
|a 92
|b TXA
|
| 999 |
|
|
|a MARS
|
| 999 |
f |
f |
|s edbafd7f-d975-3af5-abca-419eb69f6554
|i 017f36e6-26aa-3143-b90f-dcddd3186335
|t 0
|
| 952 |
f |
f |
|p 4_hour
|a Texas A&M University
|b College Station
|c Sterling C. Evans Library
|d Evans: Media and Reserves (Evans 1st floor)
|t 0
|e GV1779 .M37 2006
|h Library of Congress classification
|i unmediated -- volume
|m A14836485366
|
| 998 |
f |
f |
|a GV1779 .M37 2006
|t 0
|l Evans: Library Stacks
|